[Event "London Classic op"]
[Site "London"]
[Date "2017.12.06"]
[Round "6"]
[White "Sheedy, Shane"]
[Black "Rice, Christopher"]
[Result "0-1"]
[WhiteElo "1620"]
[BlackElo "1969"]
[PlyCount "78"]
[EventDate "2017.12.02"]
[EventType "swiss"]
[EventRounds "9"]
[EventCountry "ENG"]
[SourceTitle "CBM 182 Extra"]
[Source "ChessBase"]
[SourceDate "2018.02.23"]
[SourceVersion "1"]
[SourceVersionDate "2018.02.23"]
[SourceQuality "1"]

1. e4 d5 2. d4 e6 3. Nd2 Nf6 4. e5 Nfd7 5. Bd3 c5 6. c3 Nc6 7. Ne2 cxd4 8. cxd4 f6 9. exf6 Nxf6 10. Nc3 Nxd4 11. Nf3 Nxf3+ 12. Qxf3 Bd6 13. Bg5 0-0 14. Rd1 a6 15. Bc2 Qe8 16. Qd3 Qh5 17. Bxf6 Rxf6 18. Rd2 Bc7 19. g4 Qxg4 20. Qxh7+ Kf7 21. Bd1 Qg5 22. Bh5+ Ke7 23. Qh8 Rf8 24. Qh7 Bd7 25. Bd1 Rf5 26. Bc2 Re5+ 27. Kd1 Qh5+ 28. Qxh5 Rxh5 29. Re1 Re5 30. Rg1 g5 31. h4 gxh4 32. Rg7+ Kd6 33. Ne4+ Kc6 34. Nf6 Be8 35. Rh7 Ba5 36. Rh8 Bxd2 37. Kxd2 Rg5 38. f4 Rg2+ 39. Kc1 Rxc2+ 0-1

[Event "London Classic op"]
[Site "London"]
[Date "2017.12.03"]
[Round "3"]
[White "Balaji, Aaravamudhan"]
[Black "Sheedy, Shane"]
[Result "1-0"]
[WhiteElo "1884"]
[BlackElo "1620"]
[PlyCount "145"]
[EventDate "2017.12.02"]
[EventType "swiss"]
[EventRounds "9"]
[EventCountry "ENG"]
[SourceTitle "CBM 182 Extra"]
[Source "ChessBase"]
[SourceDate "2018.02.23"]
[SourceVersion "1"]
[SourceVersionDate "2018.02.23"]
[SourceQuality "1"]

1. d4 g6 2. c4 Bg7 3. Nc3 c5 4. e3 Nf6 5. Nf3 0-0 6. Be2 d5 7. 0-0 cxd4 8. exd4 Nc6 9. c5 b6 10. Bb5 Bd7 11. Bxc6 Bxc6 12. Ne5 Rc8 13. b4 Bb7 14. Be3 bxc5 15. bxc5 Nd7 16. f4 Nxe5 17. fxe5 e6 18. Qa4 a6 19. Rfb1 Qc7 20. Rb6 f6 21. exf6 Rxf6 22. Rab1 Rcf8 23. Ne2 Bc8 24. Rd6 Rf5 25. Ng3 R5f7 26. Qb3 Qe7 27. Qd3 Qh4 28. Rd1 Qg4 29. Qe2 Qxe2 30. Nxe2 Rb7 31. Rb6 Rbf7 32. Ng3 Kh8 33. h3 Kg8 34. Ne2 Rb7 35. Rxb7 Bxb7 36. Rb1 Bc8 37. Nc3 Bf6 38. Na4 Bd8 39. Nb6 Bxb6 40. Rxb6 Kf7 41. Rc6 Kf6 42. g4 h5 43. Bf4 hxg4 44. hxg4 g5 45. Bd6 Re8 46. Be5+ Kg6 47. Rc7 Rg8 48. Kg2 Kh6 49. Rf7 Kg6 50. Rf6+ Kh7 51. Kf3 Re8 52. Ke3 Rg8 53. Kd3 Re8 54. Kc3 Rg8 55. Kb4 Re8 56. Ka5 Rg8 57. Kb6 Re8 58. Kc7 a5 59. Rf1 Kg6 60. Rf6+ Kh7 61. c6 Ba6 62. Kd7 Rg8 63. c7 Bc8+ 64. Ke7 a4 65. Rf8 Rxf8 66. Kxf8 Kg6 67. Ke7 Ba6 68. Kd8 Kf7 69. c8Q Bxc8 70. Kxc8 Ke7 71. Kc7 Ke8 72. Kd6 Kf7 73. Kd7 1-0